| 000 | 00819nam a2200229 i 4500 | ||
|---|---|---|---|
| 001 | bg | ||
| 245 | 0 |
_aĆwiczenia laboratoryjne z teorii sprężystości : _bpraca zbiorowa / _cpod red. Jerzego Leyko ; [poszczeg. rozdz. oprac. Mieczysław Jaroniek et al.]. |
|
| 250 | _a[Wyd. 2]. | ||
| 260 |
_aŁódź : _bPŁ, _c1991. |
||
| 300 |
_a134, [1] s. : _bfot., rys., wykr. ; _c21 cm. |
||
| 490 | 1 | _aSkrypty dla Szkół Wyższych / Politechnika Łódzka | |
| 504 | _aBibliogr. s. [135]. | ||
| 700 | 1 |
_aLeyko, Jerzy _d(1918-1995). _eRed. |
|
| 700 | 1 | _aJARONIEK, Mieczysław | |
| 710 | _aPOLITECHNIKA ŁÓDZKA (Łódź) | ||
| 830 | 0 | _aSkrypty dla Szkół Wyższych (Politechnika Łódzka) | |
| 040 | _cBPK | ||
| 041 | _apol | ||
| 080 | _a539.3/.4(075.8)(076) | ||
| 942 | _cKS | ||
| 008 | s pl f |000 0 pol | ||
| 999 |
_c6357 _d6357 |
||
| 856 |
_uhttp://koha.tu.koszalin.pl/cgi-bin/koha/opac-detail.pl?biblionumber=6357 _yKatalog online BPK |
||